| 000 | 00511nam a2200169 a 4500 | ||
|---|---|---|---|
| 005 | 20140412111313.0 | ||
| 008 | 010420s19uu xx 00 eng d | ||
| 020 | _a1-85511-033-4 | ||
| 050 |
_aM 612.85 _bM427 1992 |
||
| 100 | _aMathers, Douglas | ||
| 245 |
_aEars / _cDouglas Mathers ; illustrated by Andrew Farmer & Robina Green. |
||
| 260 |
_aLondong : _bEagle Books Limited, _c1992. |
||
| 300 | _a32p. ; ill. | ||
| 440 | _aYou and your body series | ||
| 650 | _aEars-Study and teaching | ||
| 999 |
_c104084 _d104084 |
||